000 00783cam a22002293a 4500
001 25944
003 PGUSA
005 20140828083546.0
008 080701s2008||||xxu|||||s|||||000 | eng d
040 _aPGUSA
_beng
042 _adc
050 4 _aRL
100 1 _aStelwagon, Henry Weightman,
_d1853-1919
245 1 0 _aEssentials of Diseases of the Skin :
_bIncluding the Syphilodermata Arranged in the Form of Questions and Answers Prepared Especially for Students of Medicine
_h[electronic resource] /
_cHenry Weightman Stelwagon
260 _bProject Gutenberg,
_c2008
506 _aPublic domain in the USA.
516 _aElectronic text
653 _aSkin -- Diseases
830 0 _aProject Gutenberg
_v25944
856 4 0 _uhttp://www.gutenberg.org/ebooks/25944
942 _cEB
999 _c255199
_d255199